01947nam a2200349 a 4500001001200000003000800012006001900020007001500039008004100054010001700095020003000112020002700142040002100169035002100190043001200211050002800223245013700251260004200388300002600430490010100456504005300557505044500610533015201055610004001207650004401247655002901291700002501320710001701345830009201362856012601454999001701580ebr10697708CaPaEBRm o u cr cn|||||||||121128s2013 dcub sb 001 0 eng d z 2012954807 z9781614991786 (hardcover) z9781614991793 (e-book) aCaPaEBRcCaPaEBR a(OCoLC)849933250 aac-----14aJZ6009.A352bA34 2013eb00aAfghanistan and Central Asiah[electronic resource] :bNATO's role in regional security since 9/11 /cedited by Oktay F. Tanrisever. aWashington, D.C. :bIOS Press,c2013. axxii, 233 p. :bmaps.1 aNATO science for peace and security series. E, Human and societal dynamics,x1874-6276 ;vv. 106 aIncludes bibliographical references and indexes.0 apt. I. NATO contribution to lasting security in Afghanistan -- pt. II. Responses of the central Asian states to political instability, organized crime and international terrorism in Afghanistan -- pt. III. Energy security in and around Central Asia -- pt. IV. International competition and co-operation over Afghanistan and Central Asia -- pt. V. Regional security organizations and the fight against international terrorism in Afghanistan. aElectronic reproduction.bPalo Alto, Calif. :cebrary,d2013.nAvailable via World Wide Web.nAccess may be limited to ebrary affiliated libraries.20aNorth Atlantic Treaty Organization. 0aSecurity, InternationalzAsia, Central. 7aElectronic books.2local1 aTanrisever, Oktay F.2 aebrary, Inc. 0aNATO science for peace and security series.nE,pHuman and societal dynamics ;vv. 106.40uhttp://site.ebrary.com/lib/rucke/Doc?id=10697708zAn electronic book accessible through the World Wide Web; click to view c22970d22970